00494nam a2200193 a 4500001001300000003000900013005001700022008004100039020002300080082001500103100002000118245005200138260002600190300000900216500003500225505001000260650001000270700002000280nice12345678IN_TiNIC20260116013248.0050524s1996 dela grp 000 0 eng  a817029X c12500a421.5bPYL aPyle, Michael E aCliffs Toeflb Test of English Foreign Language aDelhibBPB Pub.c1996 a659p aincludes index and biblioraphy2 aIndex aToefl1 aPyle, Michael E